000 00326nam a2200145Ia 4500
008 230718s9999 xx 000 0 und d
041 _aEng.
082 _a342.02
_bKAK-T
100 _aKakakir, M
245 4 _aThe Constitution of
260 _aPakistan
_bG.M. Chisty
_c2004
300 _a940
650 _aLaw
999 _c29597
_d29597